| 000 | 00670nam a2200229Ia 4500 | ||
|---|---|---|---|
| 001 | 8955 | ||
| 003 | GE_BSU | ||
| 008 | 181216s||||||||xx |||||||||||||| ||und|| | ||
| 040 | _cGE_BSU | ||
| 080 | _a821.353.1–1 | ||
| 100 | _aკვირიტიძე,ახმედ | ||
| 245 | _aმაჭახელა | ||
| 245 | _bლექსები | ||
| 245 | _cრედ.გულნარა ფაღავა | ||
| 260 | _aბათუმი | ||
| 260 | _bგამ–ბა "აჭარა | ||
| 260 | _c1998 | ||
| 300 | _a135გვ.პორტრეტი.14სმ. | ||
| 653 | _aლექსები | ||
| 653 | _aმაჭახელა | ||
| 942 | _cBK | ||
| 999 |
_c42260 _d42260 |
||